1801 1598 1564 1863 1138 1335 1155 1854 1473 1161 1454 1415 1478 1921 1450 1096 1758 1313 1136 1857 1846 1294 1416 1589 1253 1580 1685 1744 1239 1870 1540 1941 1659 1620 1430 1069 1668 1276 1512 1974 1615 1472 1549 1462 1880 1477 1296 1717 1672 1749 1814 1377 1183 1565 1518 1461 1092 1433 1148 1429 1225 1448 1324 1475 1503 1098 1043 1798 1128 1922 1901 1780 1315 1634 1107 1492 1969 1853 1105 1289 1552 1925 1863 1822 1084 1639 1125 1978 1632 1904 1674 1070 1336 1935 1250 1050 1611 1398 1696 BCNSPRNW ULIB Ver.6.0+V

เปลี่ยนเป็นภาษาไทย

Change to English
 แสดงรายละเอียดบรรณานุกรม
  กลับหน้าหลัก

Brief Record : Get Marc (ISO 2709) : E-mail record : QR code < ปิดหน้าต่าง
LEADER : 00000nam 2200000uu 4500
001    13399115000
003     ULIB
008    120627s2552||||th 000 0 tha d
020    ^a9786110600828
090    ^aนว.^bจ793จ 2552
100 0  ^aกระบี่หลงทิศ
245 00 ^aจอมลวงเจ้าเสน่ส์/^cเจี่ยนอิง
250    ^aพิมพ์ครั้งที่ 1
260    ^aกรุงเทพฯ :^bแจ่มใส,^c2552
300    ^a221 หน้า
945    ^p159^l0^i16171
995    ^aกัณชพร
999    ^aใช้งานได้ทุกระบบ
รายการนี้ยังไม่มีแท็ก
คุณยังไม่ได้ล็อกอิน คุณสามารถมีกิจกรรมร่วมกับเว็บไซต์ได้ แต่ต้องล็อกอินก่อน ::
  ล็อกอิน

รายการสื่อสารสนเทศ

ลำดับที่ ประเภท เลขเรียก/บาร์โค้ด สถานที่ สถานะ
1. นวนิยาย
นวนิยาย
นว. จ793จ 2552  
  Barcode: 16171
ห้องสมุดวิทยาเขตสวรรค์ประชารักษ์
►นวนิยาย
บนชั้น
  ขอยืม

รายการใกล้เคียง
    ผู้แต่ง [กระบี่หลงทิศ]

BibComment


ยังไม่เคยถูกคอมเมนท์

คอมเมนท์ทรัพยากรรายการนี้
  คอมเมนท์: จอมลวงเจ้าเสน่ส์..


 Copyright 2026. Bcnsprnw @Library